[Event "Winter TNM"]
[Site "?"]
[Date "2019.01.22"]
[Round "3"]
[White "Cunningham, Charles"]
[Black "Sadowsky, Jacob"]
[Result "*"]
[WhiteElo "1414"]
[BlackElo "1703"]
[Annotator "Derek O'Connor"]
[PlyCount "76"]
[EventDate "2019.??.??"]

1. e4 Nf6 2. Nc3 e5 3. Bc4 Nc6 4. a3 Bc5 5. Nf3 O-O 6. O-O Nxe4 $4 7. Nxe4 d5
8. Nxc5 dxc4 9. h3 b6 10. Ne4 f5 11. Nc3 e4 12. Nh2 Bb7 13. Ne2 Ne5 14. Nf4 Qd6
15. d3 exd3 16. cxd3 g5 {Diagram [#]} 17. dxc4 $4 (17. d4 $1 Rad8 18. Qh5)
17... Qxd1 18. Rxd1 gxf4 19. Bxf4 Nxc4 20. Bxc7 Rf7 21. Bf4 Rg7 22. g3 Re7 23.
Nf1 Bf3 24. Rd4 Re4 25. Rd7 Rae8 26. Rc1 b5 27. Ne3 a6 28. Rc3 h5 29. Kh2 R8e6
30. Nxc4 bxc4 31. Rxf3 Rc6 32. Be3 c3 33. Rxf5 c2 34. Bh6 Rxh6 35. Rc5 Rf6 36.
Rxc2 Re8 37. Rcd2 Re5 38. Kg2 a5 {Scoresheet unreadable. White later won} *

[Event "Winter TNM"]
[Site "?"]
[Date "2019.01.22"]
[Round "3"]
[White "Otterbach, Renate"]
[Black "Mays, Jerry"]
[Result "0-1"]
[WhiteElo "1281"]
[BlackElo "1700"]
[Annotator "Derek O'Connor"]
[PlyCount "42"]

1. e4 e5 2. Nf3 Nc6 3. d4 exd4 4. Bc4 Be7 5. c3 d6 6. Qb3 Ne5 7. Nxe5 dxe5 8.
Bxf7+ Kf8 9. Bxg8 Rxg8 10. cxd4 Qxd4 11. Qf3+ Ke8 12. O-O Rf8 13. Qe2 Bc5 14.
Be3 Qb4 15. Qh5+ Kd7 16. Bxc5 Qxc5 17. Nc3 b6 18. Rac1 Ba6 19. Qg4+ Ke8 20. Nd5
Rf7 21. Qe6+ Kd8 {The rest of the scoresheet is unreadable but black somehow
won this position.} 0-1

[Event "Winter TNM"]
[Site "?"]
[Date "2019.01.22"]
[Round "3"]
[White "Cendejas, Jon"]
[Black "Chambers, Don"]
[Result "0-1"]
[WhiteElo "952"]
[BlackElo "1127"]
[Annotator "Derek O'Connor"]
[PlyCount "25"]

1. e4 e5 2. Nf3 Nf6 3. Nc3 h6 4. d3 d6 5. h3 Be7 6. Be2 O-O 7. O-O Be6 8. Be3
d5 9. exd5 Nxd5 10. Nxd5 Bxd5 11. c4 Be6 12. Re1 f6 13. Qc2 {At this point the
scoresheet reads ...Nb4 but black later won} 0-1

[Event "Winter TNM"]
[Site "?"]
[Date "2019.01.22"]
[Round "3"]
[White "Mendes Da Costa, Alex"]
[Black "Cendejas, Juan"]
[Result "0-1"]
[WhiteElo "990"]
[BlackElo "1686"]
[Annotator "Derek O'Connor"]
[PlyCount "98"]

1. d4 Nf6 2. Bf4 d5 3. e3 c5 4. c3 Nc6 5. Bd3 e6 6. Nf3 Bd6 7. Bg3 c4 $6 8. Bc2
h6 9. Nbd2 b5 10. Bxd6 Qxd6 11. h3 g5 12. Nh2 h5 13. Qf3 Ke7 14. O-O-O b4 15.
e4 bxc3 16. Qxc3 Nb4 17. Kb1 Qb6 18. Rhe1 Bb7 19. e5 Nd7 20. Nhf3 Rhg8 21. g4
hxg4 22. hxg4 a5 23. Rh1 Rab8 24. Rh5 Rgc8 25. Nxg5 Ba6 26. Rdh1 Nf8 27. Nh7
Nxc2 28. Kxc2 Ng6 29. Nf6 Rf8 30. Rh7 Nf4 31. Re1 Nd3 32. Rb1 Nb4+ 33. Kd1 Nxa2
34. Qa3+ Nb4 35. Nf3 Kd8 36. Kd2 Qb5 37. Qe3 Nd3 38. Ke2 c3 39. Ne1 Nxe5+ 40.
Nd3 Nxd3 41. Kf3 c2 42. Qh6 Qb4 43. Rh1 Kc7 44. Nxd5+ exd5 45. Qxa6 Ne1+ 46.
Kg3 c1=Q 47. Qa7+ Rb7 48. Qc5+ Qcxc5 49. dxc5 Qe4 {White lost on time here.}
0-1

[Event "Winter TNM"]
[Site "?"]
[Date "2019.01.22"]
[Round "3"]
[White "Greene, Sam"]
[Black "Capdeville, Barry"]
[Result "1-0"]
[WhiteElo "1672"]
[BlackElo "1219"]
[Annotator "Derek O'Connor"]
[PlyCount "61"]

1. e4 e5 2. Nf3 Nf6 3. Nxe5 d6 4. Nf3 Nxe4 5. Bc4 $6 (5. d4) 5... d5 6. Be2 Be7
7. d3 Nf6 8. Nc3 O-O 9. Bg5 Re8 10. Qd2 Be6 11. O-O-O Nbd7 12. Nd4 Nf8 13. Kb1
c5 14. Nxe6 Nxe6 15. h4 d4 16. Bxf6 Bxf6 17. Ne4 Be5 18. g3 f5 19. Ng5 Nf8 20.
Rde1 h6 21. Nh3 Qd7 22. Reg1 Nh7 23. g4 fxg4 24. Rxg4 Re7 25. Rg6 Re6 26. Qxh6
Rxg6 27. Qxg6 Qd6 28. Rg1 Qxg6 29. Rxg6 Nf8 30. Rg2 Ng6 $4 31. Rxg6 1-0

[Event "Winter TNM"]
[Site "?"]
[Date "2019.01.22"]
[Round "3"]
[White "Lillies, Alex Pierre"]
[Black "Xu, Jayden"]
[Result "1/2-1/2"]
[WhiteElo "1622"]
[BlackElo "1619"]
[Annotator "Derek O'Connor"]
[PlyCount "57"]

1. e4 e6 2. d4 d5 3. Nc3 Bb4 4. Bd3 dxe4 5. Bxe4 Nf6 6. Bf3 Nbd7 7. Nge2 O-O 8.
O-O c5 9. a3 cxd4 10. Qxd4 Bc5 11. Qh4 Ne5 12. Be4 Nxe4 13. Qxe4 Nc6 14. Rd1
Qf6 15. Be3 Bxe3 16. Qxe3 e5 17. Ne4 Qg6 18. Rd6 f6 19. Rad1 Bf5 20. N2g3 Nd4
21. c3 Bg4 22. f3 Nf5 23. Nxf5 Bxf5 24. Qe2 Rac8 25. Ng3 Bc2 26. R1d2 Ba4 27.
Ne4 Rc7 28. Qd3 Bb3 29. Qb5 1/2-1/2

[Event "Winter TNM"]
[Site "?"]
[Date "2019.01.22"]
[Round "3"]
[White "Lesquillier, Walter"]
[Black "Charles, James"]
[Result "1-0"]
[WhiteElo "1750"]
[BlackElo "1419"]
[Annotator "Derek O'Connor"]
[PlyCount "49"]

1. Nf3 Nc6 2. d4 e6 3. g3 d5 4. Bg2 Nf6 5. O-O Bd6 6. Nbd2 O-O 7. c4 b6 8. b3
Bb7 9. Bb2 Bb4 10. e3 Re8 11. a3 Bxd2 12. Nxd2 e5 13. cxd5 Nxd5 14. e4 Nf6 15.
d5 Nd4 16. f4 c5 17. fxe5 Rxe5 18. Nc4 Re8 19. Bxd4 cxd4 20. Qxd4 Ba6 21. Rfe1
Bxc4 22. bxc4 Rc8 23. a4 a5 24. Rab1 Nd7 25. Bh3 {Scoresheet unreadable but
white later won} 1-0

[Event "Winter TNM"]
[Site "?"]
[Date "2019.01.22"]
[Round "3"]
[White "Kim, Andy"]
[Black "Hilliard, Michael"]
[Result "1-0"]
[WhiteElo "1604"]
[BlackElo "1404"]
[Annotator "Derek O'Connor"]
[PlyCount "109"]

1. d4 d5 2. c4 c6 3. Nf3 Nf6 4. Nc3 e6 5. Bg5 Nbd7 6. e3 Bd6 7. Bd3 O-O 8. O-O
Re8 9. e4 dxe4 10. Nxe4 Be7 11. Qc2 h6 12. Nxf6+ Bxf6 13. Bxf6 Nxf6 14. Rfd1 b6
15. Ne5 Bb7 16. c5 $1 Qc7 17. Nc4 Rad8 18. Nd6 Re7 19. Be4 Red7 20. Rd2 Ne8 21.
Nxe8 Rxe8 22. Rc1 b5 23. b4 Red8 24. Rcd1 a5 25. a3 a4 26. Qc3 Qf4 27. f3 h5
28. g3 Qg5 29. Kf2 f5 30. f4 Qf6 31. Bb1 Bc8 32. Ba2 Re7 33. Qf3 Bd7 34. Qxh5
g6 35. Qf3 Rh7 36. Ke3 Re8 37. Kd3 Rhe7 38. h4 Rd8 39. Kc3 Kg7 40. h5 Rh8 41.
Rh1 g5 42. fxg5 Qxg5 43. Rdh2 Rh6 44. Rg2 Kh8 45. Qf4 Qxf4 46. gxf4 Rg7 47.
Rxg7 Kxg7 48. Kd3 Kf6 49. Ke3 Be8 50. Kf2 Bxh5 51. Bb1 Kg6 52. Bd3 Bg4 53.
Rxh6+ Kxh6 54. Bf1 Kg6 55. Bg2 1-0

[Event "Winter TNM"]
[Site "?"]
[Date "2019.01.22"]
[Round "3"]
[White "Starr, Albert"]
[Black "Newey, Richard"]
[Result "0-1"]
[WhiteElo "1500"]
[BlackElo "1600"]
[Annotator "Derek O'Connor"]
[PlyCount "74"]

1. e3 e5 2. d3 d5 3. Nd2 Nf6 4. Ngf3 Bd6 5. Be2 c5 6. O-O O-O 7. b3 Nc6 8. g3
Re8 9. Bb2 Bh3 10. Re1 Qd7 11. Ng5 Bg4 12. Bxg4 Nxg4 13. f4 h6 14. fxe5 Bxe5
15. Bxe5 Rxe5 16. Ngf3 Rxe3 17. Nf1 Rxe1 18. Qxe1 Re8 19. Qd2 Re6 20. c3 Qe7
21. Re1 Nge5 22. Re3 d4 23. Rxe5 Nxe5 24. Nxe5 Rxe5 25. c4 b6 26. a3 Re2 27.
Qf4 Qe5 28. Qxe5 Rxe5 29. b4 Re2 30. g4 Ra2 31. bxc5 bxc5 32. Ng3 Rxa3 33. Ne4
Rxd3 34. Nxc5 Rc3 35. Kf2 Rxc4 36. Nb3 Rc2+ 37. Kg3 Rc3+ 0-1

[Event "Winter TNM"]
[Site "?"]
[Date "2019.01.22"]
[Round "3"]
[White "Baer, Michael"]
[Black "Bryan, Robert"]
[Result "1-0"]
[WhiteElo "1488"]
[BlackElo "429"]
[Annotator "Derek O'Connor"]
[PlyCount "59"]

1. e4 c5 2. Nf3 d6 3. c3 Nf6 4. Bd3 g6 5. Bc2 Bg7 6. O-O O-O 7. d3 Nc6 8. Nbd2
Be6 9. Re1 Rc8 10. Nf1 Bh6 $4 11. Bxh6 Re8 12. h3 Kh8 13. Ng3 Ng8 14. Bd2 d5
15. Ng5 Rf8 16. Nxe6 fxe6 17. exd5 exd5 18. h4 b5 19. h5 e5 20. hxg6 hxg6 21.
Qg4 Rf6 22. Bg5 Rf8 23. Bxd8 Rcxd8 24. Qxg6 Nge7 25. Qh6+ Kg8 26. d4 Rf7 27.
dxe5 Nxe5 28. Rxe5 Nc6 29. Rg5+ Rg7 30. Qxg7# 1-0

[Event "Winter TNM"]
[Site "?"]
[Date "2019.01.22"]
[Round "3"]
[White "Agdamag, Samuel"]
[Black "Dunlap, Steven"]
[Result "1-0"]
[WhiteElo "1506"]
[BlackElo "1057"]
[Annotator "Derek O'Connor"]
[PlyCount "81"]

1. e4 c5 2. Nf3 Nc6 3. Bb5 a6 4. Bxc6 dxc6 5. Nc3 g6 6. d3 Bg7 7. Be3 Bxc3+ 8.
bxc3 Nf6 9. Bxc5 b6 10. Be3 c5 11. c4 Ng4 12. Bd2 e5 13. h3 Nxf2 $4 14. Kxf2
Bb7 15. Rf1 Qf6 16. Bg5 Qc6 17. Kg1 f6 18. Be3 f5 19. Nxe5 Qe6 20. d4 cxd4 21.
Bxd4 O-O-O 22. c3 Bxe4 23. Qb3 Rhe8 24. c5 Qxb3 25. axb3 bxc5 26. Bxc5 Rxe5 27.
Bd4 Rb5 28. b4 a5 29. bxa5 Rb2 30. Rf2 Rxf2 31. Kxf2 Re8 32. a6 Kb8 33. a7+ Ka8
34. Ra5 Bd3 35. Be3 f4 36. Bxf4 Re2+ 37. Kf3 Rc2 38. Be5 Be2+ 39. Kf4 Bd3 40.
g3 Rf2+ 41. Ke3 1-0

[Event "Winter TNM"]
[Site "?"]
[Date "2019.01.22"]
[Round "3"]
[White "Sullivan, George"]
[Black "Bayaraa, Timothy"]
[Result "0-1"]
[WhiteElo "958"]
[BlackElo "1175"]
[Annotator "Derek O'Connor"]
[PlyCount "48"]

1. d4 d5 2. Nf3 Nc6 3. e3 Bf5 4. c4 Nf6 5. Nc3 e6 6. a3 Ne4 7. Bd3 Nxc3 8. bxc3
Qf6 9. cxd5 exd5 10. Bxf5 Qxf5 11. Bb2 Bd6 12. O-O O-O 13. Re1 Nd8 14. Re2 Ne6
15. Bc1 Qh5 16. Kh1 Ng5 17. g4 Qh6 18. e4 f6 19. Bxg5 fxg5 20. Ne5 Rae8 21. f3
Bxe5 22. dxe5 Rxf3 23. exd5 Qh3 24. Qd2 Rf1+ 0-1